| 000 | 01523nam a22002417a 4500 | ||
|---|---|---|---|
| 005 | 20170124105912.0 | ||
| 010 | _a897784 | ||
| 020 |
_c00.00 _a0245596097 |
||
| 035 | _a897784 | ||
| 037 | _bCen Lib/Ret | ||
| 040 |
_aDPL _bEN |
||
| 082 |
_a494 _bMAR |
||
| 100 |
_aMarks, Joseph _9113489 |
||
| 245 |
_aHarrap's french-english dictionary of slang and colloquialisms / _cby Joseph Marks; compiled by Georgette A. Marks [and] Albert J. Farmer |
||
| 260 |
_aLondon _bGeorge G. harrap _c1971 |
||
| 270 |
_bLondon _a182-184 high holborn |
||
| 300 |
_a255p. _c20cm(Hb) |
||
| 650 |
_a French-english _vDictionary _9113490 |
||
| 650 |
_aFrench -- English - Dictionary _y _9113491 |
||
| 700 |
_aMarks, Georgette A. _9255 |
||
| 700 |
_aFarmer, Albert J. _9256 |
||
| 942 |
_2ddc _cEN _h494 _mMAR |
||
| 999 |
_c122541 _d122541 |
||